000
00357nam a2200133Ia 4500
008
151001s9999||||xx |||||||||||||| ||und||
100
_a
उषा यादव
245
_a
सुनो जयंती
250
_a
1
260
_b
"देव पुस्तक मंदिर ,दिल्ली"
260
_c
2012
300
_a
208
365
_b
21
999
_c
999430
_d
999427